Echuca Line (V/Line) - Statistics

General Stats
  • This quiz has been taken 34 times
  • The average score is 14 of 20
Answer Stats
# Answer % Correct
7 Bendigo
90%
1 Echuca
90%
3 Elmore
80%
6 Epsom
80%
9 Castlemaine
70%
19 Footscray
70%
4 Goornong
70%
8 Kangaroo Flat
70%
13 Macedon
70%
15 Riddells Creek
70%
2 Rochester
70%
20 Southern Cross
70%
17 Sunbury
70%
18 Watergardens
70%
12 Woodend
70%
16 Clarkefield
60%
14 Gisborne
60%
5 Huntly
60%
11 Kyneton
60%
10 Malmsbury
60%
No matching quizzes found
Score Distribution
Percent of People with Each Score
Percentile by Number Answered
Your Score History
You have not taken this quiz